| 000 | 00349nam a2200133Ia 4500 | ||
|---|---|---|---|
| 008 | 221030s9999 xx 000 0 und d | ||
| 041 | _aEnglish | ||
| 100 | _aV. P. Jaggi | ||
| 245 | 0 |
_aIntroductory Computer Science _cby V. P. Jaggi, S. Jain |
|
| 260 |
_bAcademic Pub. _aNew Delhi _c1996 |
||
| 650 | _aBB Computer | ||
| 700 | _aS. Jain | ||
| 942 | _cBK | ||
| 999 |
_c16633 _d16633 |
||